Xử lý nước thải công nghiệp

Nêu phương pháp tính toán và cách xác định các thông số để thiết kế công trình xử lí nước thải công nghiệp. Giới thiệu một số quy trình công nghệ xử lí nước có hiệu quả trong thực tế để xử lý nước thải của công nghiệp thực phâ...

Full beskrivning

Sparad:
Bibliografiska uppgifter
Huvudupphovsman: Trịnh Xuân Lai
Övriga upphovsmän: Nguyễn Trọng Dương
Materialtyp: Bok
Språk:Vietnamese
Publicerad: H. Xây dựng 2020
Upplaga:Tái bản
Ämnen:
Taggar: Lägg till en tagg
Inga taggar, Lägg till första taggen!
Thư viện lưu trữ: Thư viện Trường Đại học Nam Cần Thơ
LEADER 01664nam a22002537a 4500
001 NCT_4_024483
008 250703b xxu||||| |||| 00| 0 vie d
999 |c 9206  |d 9206 
020 |a 9786048238490  |c 64000 
082 0 4 |2 23rd ed.  |a 628.42  |b L103 
100 1 |a Trịnh Xuân Lai 
245 1 0 |a Xử lý nước thải công nghiệp  |c Trịnh Xuân Lai, Nguyễn Trọng Dương 
250 |a Tái bản 
260 |a H.  |b Xây dựng  |c 2020 
300 |a 145 tr.  |b bảng, hình vẽ  |c 27 cm 
520 3 |a Nêu phương pháp tính toán và cách xác định các thông số để thiết kế công trình xử lí nước thải công nghiệp. Giới thiệu một số quy trình công nghệ xử lí nước có hiệu quả trong thực tế để xử lý nước thải của công nghiệp thực phẩm, công nghiệp giấy, dệt, hoá chất, thuộc da... 
653 |a Quản lý tài nguyên & Môi trường 
653 |a Kỹ thuật môi trường 
700 1 |a Nguyễn Trọng Dương 
942 |2 ddc  |c BK 
952 |0 0  |1 0  |2 ddc  |4 0  |6 628_420000000000000_L103  |7 0  |9 31132  |a 000001  |b 000001  |d 2025-07-03  |o 628.42 L103  |p MD.24123  |r 2025-07-03  |v 64000.00  |w 2025-07-03  |y BK 
952 |0 0  |1 0  |2 ddc  |4 0  |6 628_420000000000000_L103  |7 0  |9 31133  |a 000001  |b 000001  |d 2025-07-03  |o 628.42 L103  |p MD.24124  |r 2025-07-03  |v 64000.00  |w 2025-07-03  |y BK 
952 |0 0  |1 0  |2 ddc  |4 0  |6 628_420000000000000_L103  |7 0  |9 31134  |a 000001  |b 000001  |d 2025-07-03  |o 628.42 L103  |p MD.24125  |r 2025-07-03  |v 64000.00  |w 2025-07-03  |y BK 
980 |a Thư viện Trường Đại học Nam Cần Thơ